Tilastot visalle Historiavisat: 1930-luku

Klikkaa tästä pelataksesi tätä visaa!

Yleistilastot

  • Tätä visaa on pelattu 54 kertaa
  • Keskiarvotulos 11 / 18

Vastaustilastot

% Oikein
1933_____ nousi valtaan SaksassaAdolf Hitler
98%
1930Ensimmäiset _____ MM-kisat järjestettiin Uruguayssajalkapallon
95%
1935_____ aloitti puhdistukset NeuvostoliitossaJosif Stalin
95%
1932Ensimmäinen Alko avattiin, kun _____ päättyikieltolaki
84%
1931_____ valittiin Suomen presidentiksiPehr Evind Svinhufvud
84%
1932_____ valtasi Kiinalta mm. ShanghainJapani
82%
1935_____ esiintyi ensimmäistä kertaa Kiinan kommunistipuolueen puheenjohtajanaMao Zedong
75%
1939_____ alkoitalvisota
73%
1936_____ järjestettiin kesäolympialaisetBerliinissä
68%
1939_____ voitti kirjallisuuden Nobel-palkinnonFrans Emil Sillanpää
55%
1937Ilmalaiva _____ tuhoutuiHindenburg
55%
1937J. R. R. Tolkienin teos _____ julkaistiinHobitti eli sinne ja takaisin
55%
1935Yksi maailman suosituimmista lautapeleistä, _____, keksittiinMonopoly
50%
1934Walt Disneyn lyhyessä piirroselokuvassa Viisas kana Kananen esiintyi ensimmäistä kertaa _____Aku Ankka
48%
1934_____ tuli Suomessa virallinen liputuspäiväitsenäisyyspäivästä
43%
1937_____ katosi Tyynellä valtamerellä yrittäessään maailmanympärilentoaAmelia Earhart
27%
1938Yleisradiossa alkoi kuunnelmasarja _____ perheSuomisen
20%
1930Panssarilaiva _____ laskettiin vesilleVäinämöinen
7%

Tulosjakauma

Persentiili vastausten määrän mukaan

Jokaisen tuloksen saaneiden osuus

Tuloshistoriasi

Et ole pelannut tätä visaa